LEADER 09358nam 22004693u 450 001 9910466478303321 005 20210107200551.0 010 $a2-8044-8022-4 035 $a(CKB)3790000000018876 035 $a(EBL)2086260 035 $a(MiAaPQ)EBC2086260 035 $a(Au-PeEL)EBL2086260 035 $a(OCoLC)914152998 035 $a(EXLCZ)993790000000018876 100 $a20150720d2015|||| u|| | 101 0 $adut 135 $aur|n|---||||| 181 $ctxt$2rdacontent 182 $cc$2rdamedia 183 $acr$2rdacarrier 200 10$aAuteursrecht - Capita selecta$b[electronic resource] 210 $aCork $cPrimento Digital Publishing$d2015 215 $a1 online resource (576 p.) 300 $aDescription based upon print version of record. 311 $a2-8044-7653-7 327 $aCover -- Titelblad -- Copyright -- Inleiding -- Hoofdstuk 1 - Historiek -- Hoofdstuk 2 - Voorwaarden voor auteursrechtelijke bescherming -- Afdeling 1 - Vereiste van vormgeving -- Afdeling 2 - Vereiste van originaliteit -- ?1. Begripsomschrijving door de hoogste rechtscolleges -- ?2. Nuttige wetsbepalingen -- ?3. Analyse door de rechtsleer -- Afdeling 3 - Irrelevante criteria -- ?1. Letterkunde of kunst -- ?2. Kunstzinnig karakter -- ?3. Nieuwheid -- ?4. Vastlegging op een materie?le drager -- ?5. Communicatie met mensen -- ?6. Goede zeden en openbare orde -- ?7. Neerlegging bij de Koninklijke Bibliotheek van Belgie? -- Hoofdstuk 3 - De titularis van het auteursrecht -- Afdeling 1 - De oorspronkelijke auteur -- Afdeling 2 - Vermoedens van titulariteit -- ?1. Vermoeden ingevolge naamsvermelding -- ?2. Vermoeden bij anonieme werken of werken uitgegeven onder pseudoniem -- Afdeling 3 - Werken gecree?erd in dienstverband of onder statuut -- Afdeling 4 - Werken gecree?erd door meerdere auteurs -- ?1. Historiek en indeling -- ?2. Werkelijke samenwerking -- A. Voorwaarden -- B. Ondeelbare werken -- C. Deelbare werken -- ?3. Samengestelde en afgeleide werken -- Hoofdstuk 4 - Beschermde werken -- Afdeling 1 - Algemeen -- Afdeling 2 - Werken van letterkunde -- ?1. Werken van letterkunde welke auteursrechtelijke bescherming genieten -- A. Algemeen -- B. Wetenschappelijke en utilitaire werken -- C. Reclamemateriaal -- D. Titels en slogans -- E. Websites en domeinnamen -- F. Personages en figuren -- ?2. Werken van letterkunde welke geen of slechts beperkte auteursrechtelijke bescherming genieten -- Afdeling 3 - Werken van beeldende kunst -- ?1. Artistieke kunst -- ?2. Gebruiksvoorwerpen - toegepaste kunst -- ?3. Machines -- ?4. Architectuur -- A. Oorspronkelijkheid -- B. Vermogensrechten -- C. Morele rechten. 327 $a5. Schetsen, plannen en technische tekeningen -- ?6. Bijzondere bepalingen voor werken van beeldende kunst -- Afdeling 4 - Audiovisuele werken -- ?1. Poging tot definitie -- ?2. Bijzondere bepalingen -- Afdeling 5 - Software -- ?1. Voorwerp van de bescherming -- ?2. Rechthebbenden -- ?3. Exclusieve rechten -- ?4. Decompilatie en broncode -- ?5. Beschermingstermijn -- ?6. Technische beveiligingsmiddelen -- Afdeling 6 - Databanken -- ?1. Inleiding -- ?2. Bescherming onder het klassieke auteursrecht -- ?3. Sui generis-bescherming -- A. Voorwaarden -- B. Recht tot opvraging en hergebruik -- C. Duur van de bescherming -- D. Uitzonderingen -- Hoofdstuk 5 - Rechten van de auteur -- Afdeling 1 - Vermogensrechten -- ?1. Het reproductierecht -- A. Inhoud van het recht -- B. Het reproductierecht in de enge zin -- C. Het adaptatie- en vertalingsrecht -- D. Het distributierecht -- E. Het verhuur- en leenrecht -- F. Het bestemmingsrecht -- ?2. Het publieke mededelingsrecht -- A. Inhoud van het recht -- B. Het begrip "mededeling aan het publiek" -- ?3. Het volgrecht -- A. Inhoud van het recht -- B. Toepassingsvoorwaarden -- C. Tarief -- D. Rechthebbende -- E. Schuldenaar -- F. Kennisgeving en betaling -- G. Opvragen van inlichtingen -- H. Verjaring van de vordering van de auteur en duur van het volgrecht -- I. Recht sui generis -- Afdeling 2 - Morele rechten -- ?1. Het openbaarmakingsrecht -- ?2. Het vaderschapsrecht -- ?3. Het recht op eerbied -- A. Uiteenzetting van de principes -- B. Inbreuken: wijziging aan of vernietiging van een werk -- ?4. Bijzondere regeling betreffende de morele rechten op het audiovisuele werk -- A. Niet-afgewerkte bijdragen (art. XI.180 WER -- oud art. 15 Auteurswet 1994) -- B. Voltooiing van het werk (art. XI.181 WER -- oud art. 16 Auteurswet 1994) -- ?5. Recht op toegang tot het werk. 327 $aHoofdstuk 6 - Uitzonderingen op de vermogensrechten van de auteur -- Afdeling 1 - Inleiding -- Afdeling 2 - Karakteristieken gemeenschappelijk aan alle uitzonderingen -- ?1. Het karakter van dwingend recht -- ?2. De restrictieve interpretatie -- ?3. De driestappentoets -- Afdeling 3 - De uitzonderingen van artikel XI.189 WER -- ?1. Het citaatrecht -- ?2. De bloemlezing bestemd voor het onderwijs -- ?3. De tijdelijke technisch noodzakelijke kopie -- Afdeling 4 - De uitzonderingen van artikel XI.190 WER -- ?1. De gemeenschappelijke vereiste van de geoorloofde openbaarmaking -- ?2. De verslaggeving over actuele gebeurtenissen (het zgn. informatief citaat) -- ?3. Tentoongesteld werk op een openbare plaats -- ?4. Kosteloze prive?-uitvoering in de familiekring of kosteloze uitvoering in het kader van schoolactiviteiten -- A. Kosteloze prive?-uitvoering in familiekring -- B. Kosteloze uitvoering in het kader van schoolactiviteiten -- ?5. De reproductie voor prive?gebruik en ter illustratie bij onderwijs of voor wetenschappelijk onderzoek (de zgn. reprografieregeling) -- A. Inleiding -- B. Reproductie voor prive?gebruik -- C. Reproducties ter illustratie bij onderwijs of voor wetenschappelijk onderzoek -- ?6. Thuiskopie -- ?7. Karikatuur, parodie of pastiche -- ?8. De kosteloze uitvoering tijdens een publiek examen -- ?9. Reproductie voor bewaring van het culturele en wetenschappelijke patrimonium -- ?10. Mededelingen via speciale terminals in instellingen -- ?11. Tijdelijke opnamen van omroeporganisaties -- ?12. Gebruik voor mensen met een handicap -- ?13. Aankondigingen voor tentoonstellingen en openbare verkopen -- ?14. Reproducties van uitzendingen door bepaalde erkende instellingen -- Hoofdstuk 7 - Beschermingsduur -- Afdeling 1 - Algemene regel -- Afdeling 2 - Specifieke regels voor bijzondere gevallen. 327 $a1. Werken door twee of meer personen samen gemaakt -- ?2. Anonieme of pseudonieme werken -- ?3. Postume werken -- Hoofdstuk 8 - Schadevergoeding bij inbreuken -- Afdeling 1 - Inleiding -- Afdeling 2 - Wettelijk kader -- ?1. Internationale en Europese context -- ?2. Belgische context -- Afdeling 3 - Objectieve aansprakelijkheid -- Afdeling 4 - Schadeloosstelling -- ?1. Equivalentie tussen schade en schadevergoeding -- ?2. Begroting van de schadevergoeding -- A. Gederfde winst -- B. Geleden verlies -- C. Morele schade -- ?3. Andere herstelmaatregelen -- ?4. Vergoeding voor proceskosten -- Hoofdstuk 9 - Recente evoluties inzake procedurerecht -- Afdeling 1 - Bevoegdheid ratione materiĉ -- Afdeling 2 - Bevoegdheid ratione loci -- Afdeling 3 - Stakingsvordering zoals in kort geding -- Afdeling 4 - Vorderingen tegen tussenpersonen -- Afdeling 5 - Vereiste van een procedure ten gronde na voorlopige maatregelen -- Afdeling 6 - Beschrijvend beslag inzake namaak -- ?1. Beschrijving -- ?2. Beslag -- ?3. Derdenverzet -- Bejlage 1 - Uittreksels uit de concordantietabellen -- Boek XI. - Intellectuele eigendom -- Boek XVII. - Bijzondere rechtsprocedures -- Bijlage 2 - Uittreksels uit het Wetboek van Economisch Recht -- Boek I. - Definities -- Boek XVII. - Bijzondere rechtsprocedures -- Inhoudstafel. 330 $a Eerste grondige publicatie na de codificatie van de wetgeving inzake intellectuele eigendomsrechten; De wetgeving inzake auteursrecht wordt op 1 januari 2015 grondig herschikt in het licht van de invoering van het Wetboek van Economisch Recht. Dit Cahier behandelt enkele van de belangrijkste aspecten van het auteursrecht op de achtergrond van deze codificatie en de vele recente evoluties in de Europese en Belgische rechtspraak. De auteurs bespreken de voorwaarden voor auteursrechtelijke bescherming, wie de auteursrechten geniet, de bescherming van specifieke werken, de vermogens- en morele rechten van de auteur, de uitzonderingen op het auteursrecht, de beschermingsduur, en de regeling van schadevergoeding bij inbreuk. Daarbij gaat ook aandacht uit naar recente procedurele evoluties. Het  uitgebreid voetnotenapparaat  maken  van dit Cahier een praktisch werkinstrument e?n het vertrekpunt voor verdere opzoekingen. 608 $aElectronic books. 676 $a346.04/82 700 $aKeustermans$b Jeff$01028935 701 $aBlomme$b Peter$01028936 701 $aFlamme$b Michel$01028937 801 0$bAU-PeEL 801 1$bAU-PeEL 801 2$bAU-PeEL 906 $aBOOK 912 $a9910466478303321 996 $aAuteursrecht - Capita selecta$92445113 997 $aUNINA LEADER 01038nam a2200289 i 4500 001 991000890889707536 005 20020507102835.0 008 951124s1987 uk ||| | eng 035 $ab10144134-39ule_inst 035 $aLE00638654$9ExL 040 $aDip.to Fisica$bita 084 $a52.9.52 084 $a52.9.528 084 $a52.9.573 084 $aQB789 100 1 $aPillinger, C.$0461655 245 10$aDiffuse matter in the solar system :$bComet Halley and other studies :$bproceedings of a Royal Society Discussion Meeting (21-22 May, 1986) /$cC. Pillinger, G. Turner (eds.) 260 $aLondon :$bRoyal Society of London,$c1987 300 $a1 v. 650 4$aComets 700 1 $aTurner, G. 907 $a.b10144134$b21-09-06$c27-06-02 912 $a991000890889707536 945 $aLE006 52.9.5 TUR$g1$i2006000026543$lle006$o-$pE0.00$q-$rl$s- $t0$u0$v0$w0$x0$y.i10171472$z27-06-02 996 $aDiffuse matter in the solar system$9186288 997 $aUNISALENTO 998 $ale006$b01-01-95$cm$da $e-$feng$guk $h0$i1 LEADER 01438nam0 22003251i 450 001 UON00216671 005 20231205103356.849 100 $a20030730f |0itac50 ba 101 $adut$aAFR 102 $aNL 105 $a|||| ||||| 200 1 $aBeknopte Afrikaans-Nederlandse woordenlijst 205 $aTweede herziene en uitgebreide druk$guitgegeven onder auspiciën van de Nederlands Zuidafrikaanse Vereniging 210 $aAmsterdam$cJ.H. De Bussy ; 's-Gravenhage$cN.V. Boekhandel ; W.P. van Stockum & Zoon$d1960 215 $aVII, 75 p.$d17 cm. 316 $aDono Prof. van Woudenberg$5IT-UONSI OlandXIV/003 606 $aLingua afrikaans$xDizionari olandesi$3UONC045740$2FI 606 $aLINGUA NEERLANDESE$xDizionari afrikaans$3UONC045739$2FI 620 $aNL$dDen Haag$3UONL000378 620 $aNL$dAmsterdam$3UONL001817 676 $a439.36$cAfrikaans$v21 712 02$aNederlands Zuidafrikaanse Vereniging$3UONV131189 712 $aDe Bussy$3UONV251161$4650 712 $aVan Stockum & Zoon$3UONV268363$4650 801 $aIT$bSOL$c20250509$gRICA 899 $aSIBA - SISTEMA BIBLIOTECARIO DI ATENEO$2UONSI 912 $aUON00216671 950 $aSIBA - SISTEMA BIBLIOTECARIO DI ATENEO$dSI Oland XIV 003 $eSI LO 64398 7 003 Dono Prof. van Woudenberg 996 $aBeknopte Afrikaans-Nederlandse woordenlijst$91264748 997 $aUNIOR